ACM Computing Reviews

Saved in:
Bibliographic Details
Format: Serial
Published: 1993
Tags: Add Tag
No Tags, Be the first to tag this record!

MARC

LEADER 00000nas a22000003a 4500
001 stu63975
005 20141122004912.2
008 011106s1993----------------------------d
040 |a STU  |b slo 
041 0
245 |a ACM Computing Reviews 
260 |c 1993 
500 |a 3-12 /CH: 1,2 
500 |a 12 
773 0 |t ACM Computing Reviews :  |w stu_us_cat*stu59590  |x 0010-4884  |7 nnas 
996 |d Vol. 34, 1993  |v Vol. 34  |y 1993  |l EE0103  |s A  |a 24  |w stu63975_0001